ANNALS OF LIBRARY SCIENCE AND DOCUMENTATION (Record no. 1396)

MARC details
000 -LEADER
fixed length control field 00469nam a2200145Ia 4500
022 ## - INTERNATIONAL STANDARD SERIAL NUMBER
ISSN 0003-4835
245 #0 - TITLE STATEMENT
Title ANNALS OF LIBRARY SCIENCE AND DOCUMENTATION
260 ## - PUBLICATION, DISTRIBUTION, ETC. (IMPRINT)
Name of publisher Indian National Scientific Documentation Centre, New Delhi
Place of publication India
310 ## - CURRENT PUBLICATION FREQUENCY
Current publication frequency M
500 ## - GENERAL NOTE
General note Ending Volume & Year: 46, 1999
500 ## - GENERAL NOTE
General note Missing Volume: 20;30;31;33;34;36;44(2);46(1)
500 ## - GENERAL NOTE
General note Starting Volume & Year: 10, 1963
942 ## - ADDED ENTRY ELEMENTS (KOHA)
Koha item type Bound Journal
Holdings
Withdrawn status Lost status Damaged status Not for loan Home library Current library Date acquired Accession Number Koha item type
      Bound journals RRII Library RRII Library 31/12/2021 01380J Bound Journal